000 00900nam a2200217 4500
001 144660
003 ES-MaACL
005 20250814002143.0
007 t|
008 070214s1975 sp r ||||1| spa d
110 2 _aSociedad Española de Historia Natural
_96732
245 1 0 _aReal Sociedad Española de Historia Natural
_b: Primer centenario : (1871-1971).
260 _aMadrid :
_bConsejo Superior de Investigaciones Científicas,
_c1975.
300 _a2 v. :
_bil. ;
_c25 cm.
505 8 _aContiene: Tomo I. Actos conmemorativos y trabajos científicos de Geología. Tomo II. Trabajos científicos de Biología
710 2 _aConsejo Superior de Investigaciones Científicas (España)
_93236
740 0 _aActos conmemorativos y trabajos científicos de Geología.
740 0 _aTrabajos científicos de Biología.
852 _aES-MaACL
_jE-8810-11
_bR.93317
999 _c144660
_d144660